[Event "Weekend B"]
[Site "Monza ITA"]
[Date "1998.03.29"]
[Round "3"]
[White "Piantoni, Pierino"]
[Black "Saccani, Ettore"]
[Result "1-0"]
[WhiteElo "1629"]
[BlackElo "1507"]
[PlyCount "65"]
[EventDate "1998.03.28"]

1. d4 e6 2. Nf3 Nf6 3. g3 d5 4. Bg2 c5 5. c3 Nc6 6. O-O Bd7 7. Bg5 cxd4 8. cxd4
Be7 9. Nc3 O-O 10. Re1 Rc8 11. Rc1 Ng4 12. Bxe7 Qxe7 13. e4 dxe4 14. Rxe4 Nf6
15. Re2 Qb4 16. Rd2 Ne7 17. Ne5 Rfd8 18. a3 Qa5 19. Bxb7 Rc7 20. Bg2 Nfd5 21.
Ne4 Ba4 22. Qe1 Rxc1 23. Qxc1 Rc8 24. Nc5 Nf5 25. b4 Qc7 26. Bxd5 exd5 27. Qb1
Nxd4 28. f4 Nb3 29. Nxb3 Bxb3 30. Qxb3 Qb6+ 31. Kg2 Rc1 32. Qxd5 Rg1+ 33. Kh3
1-0

[Event "Weekend B"]
[Site "Monza ITA"]
[Date "1998.04.05"]
[Round "5"]
[White "Ponti, Lorenzo"]
[Black "Saccani, Ettore"]
[Result "0-1"]
[WhiteElo "1600"]
[BlackElo "1507"]
[PlyCount "64"]
[EventDate "1998.03.28"]

1. d4 e6 2. Nf3 Nf6 3. Bg5 c5 4. c3 cxd4 5. cxd4 Qa5+ 6. Bd2 Qb6 7. Bc3 d5 8.
Nbd2 Nc6 9. e3 Bd7 10. Bd3 Rc8 11. a3 Na5 12. Qe2 Be7 13. O-O Nb3 14. Rae1 Bxa3
15. Nxb3 Qxb3 16. Ra1 Be7 17. Ba5 Ne4 18. Ra3 Bxa3 19. bxa3 O-O 20. Ne5 Nf6 21.
Bb4 Rfd8 22. Be7 Ne4 23. Bxd8 Rxd8 24. Qh5 Be8 25. Bxe4 dxe4 26. Qg4 Qxa3 27.
Qxe4 Qa6 28. f4 Bc6 29. Qc2 Rc8 30. Qf2 Be4 31. Nd7 Rc2 32. Nc5 Rxf2 0-1

[Event "C.to Provinciale PD"]
[Site "Padova ITA"]
[Date "1998.??.??"]
[Round "1"]
[White "Carraro, Antonio"]
[Black "Tessari, Gianni"]
[Result "1-0"]
[WhiteElo "1543"]
[BlackElo "1400"]
[PlyCount "37"]
[EventDate "1998.??.??"]

1. e4 e5 2. Nf3 Nc6 3. Bb5 Nd4 4. Nxd4 exd4 5. c3 c6 6. Bd3 Bc5 7. b4 Bb6 8. a4
dxc3 9. dxc3 d5 10. exd5 Qxd5 11. O-O Nf6 12. Qe2+ Be6 13. Bf4 Rd8 14. Rd1 a6
15. Na3 O-O 16. Bxh7+ Kxh7 17. Rxd5 Rxd5 18. Nc2 Bxf2+ 19. Qxf2 {...} 1-0

[Event "C.to Provinciale PD"]
[Site "Padova ITA"]
[Date "1998.??.??"]
[Round "1"]
[White "Giacomin, Giovanni"]
[Black "Marcuzzo, Giorgio"]
[Result "0-1"]
[WhiteElo "1300"]
[BlackElo "1531"]
[PlyCount "68"]
[EventDate "1998.??.??"]

1. e4 e5 2. Qh5 d6 3. Bc4 g6 4. Qf3 Nf6 5. d3 Nc6 6. Bg5 Bg7 7. Na3 a6 8. Bxf6
Qxf6 9. Qg3 O-O 10. Nf3 Ne7 11. O-O b5 12. Bd5 c6 13. Bb3 a5 14. c4 b4 15. Nc2
a4 16. Nxb4 axb3 17. a3 Be6 18. Rfe1 d5 19. h4 dxc4 20. dxc4 Bxc4 21. Rac1 Be6
22. Nxc6 Nxc6 23. Rxc6 Rfc8 24. Kh2 Rxc6 25. Rc1 Rxc1 26. Nd2 Rc2 27. Nf3 Rxb2
28. Ne1 Bh6 29. Nd3 Rd2 30. Nc5 Bf4 31. Nxe6 Bxg3+ 32. fxg3 Qxe6 33. g4 Qxg4
34. Kh1 Qxg2# 0-1

[Event "C.to Provinciale PD"]
[Site "Padova ITA"]
[Date "1998.??.??"]
[Round "1"]
[White "Luisetto, Alessandro"]
[Black "Flora, Vincenzo"]
[Result "1-0"]
[WhiteElo "1789"]
[BlackElo "1500"]
[PlyCount "77"]
[EventDate "1998.??.??"]

1. e4 e5 2. Nf3 Nc6 3. Bb5 a6 4. Bxc6 dxc6 5. O-O Bd6 6. d4 Bg4 7. dxe5 Bxf3 8.
Qxf3 Bxe5 9. Na3 b5 10. c3 Nf6 11. Nc2 c5 12. Qf5 Nd7 13. f4 g6 14. Qg4 Bg7 15.
e5 Qe7 16. Ne3 O-O-O 17. a4 Qe6 18. Qf3 Nb6 19. axb5 axb5 20. b4 c4 21. Ra5 c6
22. Nc2 Qd5 23. Qf2 Kb7 24. Be3 Na4 25. Ra1 Ra8 26. Bd4 Rxa5 27. bxa5 Ra8 28.
Nb4 Qd7 29. a6+ Rxa6 30. Nxa6 Kxa6 31. Qc2 Qd5 32. Rxa4+ bxa4 33. Qxa4+ Kb7 34.
Qb4+ Kc8 35. Qb6 Kd7 36. Qb7+ Ke6 37. Qc8+ Ke7 38. Kf2 Qe4 39. Bc5# 1-0

[Event "C.to Provinciale PD"]
[Site "Padova ITA"]
[Date "1998.??.??"]
[Round "1"]
[White "Molena, Paolo"]
[Black "Palmieri, Vincenzo"]
[Result "0-1"]
[WhiteElo "1507"]
[BlackElo "1300"]
[PlyCount "144"]
[EventDate "1998.??.??"]

1. b4 a5 2. b5 c6 3. e3 Nf6 4. a4 d5 5. Bb2 Qd6 6. Nf3 Bg4 7. Be2 Nbd7 8. Ba3
c5 9. c4 Bxf3 10. gxf3 d4 11. d3 e5 12. e4 Be7 13. Nd2 O-O 14. Nf1 Nh5 15. Ng3
Nf4 16. Nf5 Qf6 17. Rg1 g6 18. Bc1 Kh8 19. Nxe7 Qxe7 20. Bxf4 exf4 21. Bf1 b6
22. Bh3 f5 23. Ke2 Qh4 24. Qf1 Ne5 25. Qg2 fxe4 26. dxe4 Nxc4 27. Qg4 Qxg4 28.
Rxg4 Ne5 29. Rg2 h6 30. Be6 g5 31. Rag1 Rf6 32. Bf5 Rd6 33. h4 d3+ 34. Kd1 Nxf3
35. hxg5 Nxg1 36. Rxg1 hxg5 37. Rxg5 Ra7 38. Rh5+ Kg8 39. Kd2 c4 40. e5 Rd8 41.
Be6+ Kg7 42. Bxc4 Rad7 43. Rh3 Rd4 44. Bxd3 Rxa4 45. Rh7+ Kf8 46. Rh8+ Ke7 47.
Rh7+ Ke6 48. Rh6+ Kxe5 49. Rh5+ Kf6 50. Rh6+ Kg5 51. Rg6+ Kh4 52. Rh6+ Kg4 53.
Rg6+ Kf3 54. Kc2 Ra2+ 55. Kb3 Rxf2 56. Bc4 Rfd2 57. Rxb6 R8d4 58. Kc3 Rd6 59.
Rb7 Rd1 60. b6 Rb1 61. Ra7 Rbxb6 62. Rxa5 Kg3 63. Bd5 Rxd5 64. Rxd5 f3 65. Kd2
Re6 66. Rg5+ Kf2 67. Rf5 Re2+ 68. Kd1 Re8 69. Rd5 Rg8 70. Kd2 Kg2 71. Re5 f2
72. Re2 Kg1 0-1

[Event "C.to Provinciale PD"]
[Site "Padova ITA"]
[Date "1998.??.??"]
[Round "1"]
[White "Navarro, Tommaso"]
[Black "Aguggiaro, Renzo"]
[Result "0-1"]
[WhiteElo "1300"]
[BlackElo "1516"]
[PlyCount "56"]
[EventDate "1998.??.??"]

1. e4 c5 2. Nf3 Nc6 3. d4 cxd4 4. Nxd4 d6 5. Bc4 g6 6. Bf4 Bg7 7. Nxc6 bxc6 8.
Qf3 Bxb2 9. Be5 Bxe5 10. Qxf7+ Kd7 11. Qe6+ Kc7 12. Qf7 Bxa1 13. c3 Nh6 14. Qf4
Qf8 15. Qg3 Qf6 16. O-O Bxc3 17. Nxc3 Qxc3 18. Qg5 Qxc4 19. Qxe7+ Bd7 20. e5
Nf5 21. Qf6 Rhf8 22. exd6+ Nxd6 23. Qe5 Rf5 24. Qg3 Raf8 25. Rd1 Qc5 26. Rf1
Rxf2 27. Rxf2 Qc1+ 28. Rf1 Qxf1# 0-1

[Event "C.to Provinciale PD"]
[Site "Padova ITA"]
[Date "1998.??.??"]
[Round "1"]
[White "Pilotto, Alessandro"]
[Black "Sinato, Fabrizio"]
[Result "0-1"]
[WhiteElo "1500"]
[BlackElo "1719"]
[PlyCount "88"]
[EventDate "1998.??.??"]

1. e4 c5 2. Nf3 d6 3. Bc4 e6 4. h3 Nc6 5. c3 Nf6 6. d3 Be7 7. O-O O-O 8. a3 b6
9. Bf4 Bb7 10. Re1 Rc8 11. Nbd2 d5 12. exd5 Nxd5 13. Bh2 a6 14. Ne5 b5 15. Nxc6
Bxc6 16. Ba2 Nf6 17. Nf3 Qb6 18. Ne5 Ba8 19. Re3 Qb7 20. Qf3 Qxf3 21. Nxf3 Rfd8
22. Rd1 Nd5 23. Bxd5 Bxd5 24. Ne5 Bg5 25. f4 Be7 26. Ng4 b4 27. c4 Bxc4 28.
axb4 cxb4 29. Rg3 a5 30. f5 Bd6 31. Nh6+ Kf8 32. Nxf7 Bxg3 33. Nxd8 Bxh2+ 34.
Kxh2 Rxd8 35. Rf1 Bxd3 36. Rf2 exf5 37. g4 g6 38. gxf5 Bxf5 39. Kg3 Kf7 40. h4
Kf6 41. b3 Rd3+ 42. Kf4 h6 43. Rf3 Rxf3+ 44. Kxf3 Bc2 0-1

[Event "C.to Provinciale PD"]
[Site "Padova ITA"]
[Date "1998.??.??"]
[Round "1"]
[White "Porcelli, Domenico"]
[Black "Santi, Lorenzo"]
[Result "0-1"]
[WhiteElo "1400"]
[BlackElo "1600"]
[PlyCount "130"]
[EventDate "1998.??.??"]

1. e4 e5 2. Nf3 Nc6 3. Bc4 Bc5 4. O-O Nf6 5. Re1 O-O 6. d3 Ng4 7. Be3 Qe7 8. c3
Nxe3 9. fxe3 d6 10. Nbd2 Bg4 11. d4 Bb6 12. h3 Bh5 13. d5 Nb8 14. Nf1 Nd7 15.
Ng3 Bg6 16. Nf5 Bxf5 17. exf5 e4 18. Nd4 Ne5 19. Be2 Qg5 20. Bg4 Nc4 21. Qe2
Ne5 22. Rf1 a6 23. Rf4 Nxg4 24. Rxg4 Qf6 25. Rxe4 Bxd4 26. Rxd4 Qxf5 27. Rf1
Qg5 28. c4 Rae8 29. e4 f5 30. b3 Qf6 31. Qd2 f4 32. Rf3 Qe5 33. b4 Rf6 34. c5
Ref8 35. Qf2 Rg6 36. cxd6 Qxd6 37. Qe2 Qe5 38. Rc4 Rg3 39. Qc2 Rc8 40. Rfc3
Rxc3 41. Rxc3 Kf7 42. Qd3 g5 43. d6 c6 44. Qc4+ Qe6 45. e5 Qxc4 46. Rxc4 Ke6
47. Re4 c5 48. bxc5 Rxc5 49. a4 Rc1+ 50. Kf2 h5 51. Re1 Rc4 52. a5 Rc5 53. Rd1
Rc8 54. d7 Rd8 55. Rd6+ Kxe5 56. Rd1 Ke6 57. Kf3 Rxd7 58. Rxd7 Kxd7 59. Ke4 Kc6
60. Kf5 b5 61. axb6 a5 62. Ke4 Kxb6 63. Kd3 Kc5 64. Kc3 g4 65. hxg4 hxg4 0-1

[Event "C.to Provinciale PD"]
[Site "Padova ITA"]
[Date "1998.??.??"]
[Round "1"]
[White "Quaranta, Gaetano"]
[Black "Musiani, Carlo"]
[Result "1-0"]
[WhiteElo "1522"]
[BlackElo "1300"]
[PlyCount "85"]
[EventDate "1998.??.??"]

1. e4 c5 2. d4 cxd4 3. c3 dxc3 4. Nxc3 Nc6 5. Nf3 g6 6. Bc4 Bg7 7. O-O Qc7 8.
Qe2 e6 9. Rd1 Nge7 10. Nb5 Qd8 11. Nd6+ Kf8 12. Ng5 Ne5 13. Bb3 Bf6 14. Bf4
Bxg5 15. Bxg5 Kg7 16. Rac1 f6 17. Bf4 Rf8 18. Qd2 Ng8 19. Bxe5 fxe5 20. Nxc8
Rxc8 21. Rxc8 Qxc8 22. Qxd7+ Qxd7 23. Rxd7+ Kf6 24. Rxb7 Rc8 25. g3 a5 26. Rxh7
Ne7 27. g4 Re8 28. Ba4 Rd8 29. g5+ Kxg5 30. Rxe7 Kg4 31. Kg2 Rd2 32. Rxe6 Kf4
33. Rxg6 Rxb2 34. Bb3 Kxe4 35. Ra6 Kf4 36. Rxa5 e4 37. Ra4 Ke5 38. Ra5+ Kd4 39.
Ra4+ Kd3 40. Bc4+ Kc3 41. Bf1 e3 42. Ra3+ Kd4 43. Rxe3 1-0

[Event "C.to Provinciale PD"]
[Site "Padova ITA"]
[Date "1998.??.??"]
[Round "1"]
[White "Salata, Alessio"]
[Black "Scarpa, Luca"]
[Result "1-0"]
[WhiteElo "1567"]
[BlackElo "1400"]
[PlyCount "57"]
[EventDate "1998.??.??"]

1. f4 d5 2. e3 Nc6 3. d4 Nf6 4. Nf3 Bf5 5. a3 e6 6. Bd3 Ne4 7. O-O Be7 8. Nbd2
h6 9. Ne5 Nxe5 10. fxe5 Qd7 11. Qe2 Nxd2 12. Bxd2 Bxd3 13. Qxd3 g5 14. c4 h5
15. Rac1 g4 16. cxd5 exd5 17. Rf5 c6 18. Rcf1 O-O-O 19. Rxf7 Rdf8 20. Qg6 Rfg8
21. Rg7 Rxg7 22. Qxg7 Qe8 23. Rf7 Kd8 24. e6 Rg8 25. Qe5 Kc8 26. Bb4 Rg5 27.
Qf4 Bd8 28. Qd6 Bb6 29. Rf8 1-0

[Event "C.to Provinciale PD"]
[Site "Padova ITA"]
[Date "1998.??.??"]
[Round "1"]
[White "Sanavio, Giancarlo"]
[Black "Favale, Giuseppe"]
[Result "1-0"]
[WhiteElo "1600"]
[BlackElo "1400"]
[PlyCount "113"]
[EventDate "1998.??.??"]

1. Nf3 Nf6 2. c4 e6 3. Nc3 Bb4 4. g3 Bxc3 5. bxc3 c5 6. Bg2 d6 7. O-O O-O 8. d4
Nbd7 9. Bg5 h6 10. Bf4 d5 11. Bd6 Re8 12. dxc5 Ne4 13. cxd5 exd5 14. Qc2 Ndxc5
15. Bxc5 Nxc5 16. Rfd1 Bg4 17. h3 Bh5 18. Qf5 Bg6 19. Qxd5 Qxd5 20. Rxd5 Na4
21. Nd4 Be4 22. Bxe4 Rxe4 23. Rc1 Rc8 24. f3 Re3 25. c4 Rc3 26. Rxc3 Nxc3 27.
Re5 Rxc4 28. Nb5 Nxa2 29. Nxa7 Rc1+ 30. Kf2 Nc3 31. Ke3 Ra1 32. Nb5 Nd1+ 33.
Kf4 Ra4+ 34. e4 Nf2 35. Re8+ Kh7 36. h4 Nh3+ 37. Kg4 Nf2+ 38. Kf4 Nh3+ 39. Kf5
Ra5 40. Re5 Ng1 41. f4 Nf3 42. Rd5 Ra6 43. Nd6 b5 44. Nxb5 Rf6+ 45. Kg4 Ng1 46.
f5 Ne2 47. Nd6 h5+ 48. Kg5 Nxg3 49. e5 Rh6 50. Rd3 f6+ 51. Kf4 Ne2+ 52. Ke3
fxe5 53. Kxe2 g5 54. hxg5 e4 55. Rd5 Rxd6 56. Rxd6 h4 57. Rh6+ 1-0

[Event "C.to Provinciale PD"]
[Site "Padova ITA"]
[Date "1998.??.??"]
[Round "1"]
[White "Spinoso, Giovanni"]
[Black "Bonetto, Giorgio"]
[Result "0-1"]
[WhiteElo "1400"]
[BlackElo "1546"]
[PlyCount "124"]
[EventDate "1998.??.??"]

1. d4 e6 2. c4 d5 3. Nc3 c6 4. a3 dxc4 5. e3 b5 6. b4 Nf6 7. Nge2 a5 8. bxa5
Rxa5 9. Bb2 Bd6 10. g3 Qe7 11. Nb1 Bb7 12. Bg2 O-O 13. O-O Rd8 14. Qc1 Nbd7 15.
Qc3 Ra7 16. Nd2 Rda8 17. Nb1 c5 18. Bxb7 Rxb7 19. dxc5 Nxc5 20. Nd4 Nce4 21.
Qc1 Rc8 22. Nc3 Nxc3 23. Bxc3 Ne4 24. Qb2 Nxc3 25. Qxc3 Be5 26. Rfd1 Qc5 27.
Qb4 Qxb4 28. axb4 Bxd4 29. Rxd4 Rbc7 30. Rd2 c3 31. Rc2 Rc4 32. Kg2 Kf8 33. Rb1
Ke7 34. f3 Ra8 35. Rb3 Rac8 36. Kf2 f5 37. e4 fxe4 38. fxe4 Kd6 39. Ke3 Ke5 40.
h4 h5 41. Kf3 Rf8+ 42. Kg2 Kd4 43. Rb1 Kxe4 44. Re1+ Kd5 45. Rd1+ Kc6 46. Rd3
Rxb4 47. Rcxc3+ Rc4 48. Rf3 Rxf3 49. Rxf3 Rc2+ 50. Kf1 Rd2 51. Rc3+ Kb6 52. Re3
Rd6 53. Re5 g6 54. Rg5 b4 55. Rxg6 b3 56. Rg8 Kc5 57. Rb8 Rb6 58. Rc8+ Rc6 59.
Rb8 Rb6 60. Rc8+ Kb4 61. Rc1 b2 62. Rb1 Ka3 0-1

[Event "C.to Provinciale PD"]
[Site "Padova ITA"]
[Date "1998.??.??"]
[Round "1"]
[White "Tresin, Ardilio"]
[Black "Marigo, Narciso"]
[Result "0-1"]
[WhiteElo "1500"]
[BlackElo "1603"]
[PlyCount "54"]
[EventDate "1998.??.??"]

1. Nf3 d6 2. d4 Nf6 3. e3 Nc6 4. Nbd2 a6 5. a3 Bg4 6. Be2 e5 7. dxe5 dxe5 8.
O-O Bd6 9. Nh4 Be6 10. Nhf3 h6 11. e4 Ne7 12. Re1 c6 13. Bc4 Bg4 14. b4 O-O 15.
Bb2 Ng6 16. g3 Qe7 17. Bf1 Rad8 18. Qc1 Bc7 19. c4 Rd7 20. Bc3 Rfd8 21. Qb2 Qe6
22. Bg2 Bh3 23. Qb3 Bxg2 24. Kxg2 Qg4 25. h3 Nf4+ 26. Kh2 Qxh3+ 27. Kg1 Qg2#
0-1

[Event "C.to Provinciale PD"]
[Site "Padova ITA"]
[Date "1998.??.??"]
[Round "1"]
[White "Zotti, Enrico"]
[Black "Quaranta, Cristiano"]
[Result "1-0"]
[WhiteElo "1719"]
[BlackElo "1500"]
[PlyCount "41"]
[EventDate "1998.??.??"]

1. e4 e5 2. Nf3 Nc6 3. Bb5 a6 4. Bxc6 dxc6 5. O-O f6 6. d4 Bg4 7. c3 Bxf3 8.
Qxf3 exd4 9. cxd4 Qxd4 10. Rd1 Qb6 11. Nc3 Bd6 12. Bf4 O-O-O 13. Bxd6 cxd6 14.
Qg4+ Kb8 15. Qxg7 Nh6 16. Qxh6 Qxb2 17. Qe3 Rhe8 18. Rab1 Qa3 19. Qb6 Rd7 20.
Rb3 Qc5 21. Qxc5 1-0

[Event "C.to Provinciale PD"]
[Site "Padova ITA"]
[Date "1998.??.??"]
[Round "2"]
[White "Aguggiaro, Renzo"]
[Black "Sanavio, Giancarlo"]
[Result "0-1"]
[WhiteElo "1516"]
[BlackElo "1600"]
[PlyCount "69"]
[EventDate "1998.??.??"]

1. d4 Nf6 2. c4 e6 3. Nc3 Bb4 4. Bd2 c5 5. Nb5 d5 6. Bxb4 cxb4 7. Qa4 Nc6 8. a3
bxa3 9. Qxa3 Ne4 10. cxd5 exd5 11. e3 f5 12. Ne2 Rb8 13. Nf4 a6 14. Nc3 Ne7 15.
Qb3 Nxc3 16. bxc3 O-O 17. c4 dxc4 18. Bxc4+ Kh8 19. Be6 Ng6 20. Nxg6+ hxg6 21.
O-O Rf6 22. Bc4 b5 23. Be2 Bb7 24. Rfb1 g5 25. Bf3 Bxf3 26. gxf3 Qd6 27. Kg2 g4
28. f4 Qe7 29. Rh1 Qe4+ 30. Kg1 Rc8 31. Qd1 Rfc6 32. h3 Rh6 33. Qf1 g3 34. Qg2
gxf2+ 35. Qxf2 0-1

[Event "C.to Provinciale PD"]
[Site "Padova ITA"]
[Date "1998.??.??"]
[Round "2"]
[White "Bonetto, Giorgio"]
[Black "Luisetto, Alessandro"]
[Result "0-1"]
[WhiteElo "1546"]
[BlackElo "1789"]
[PlyCount "88"]
[EventDate "1998.??.??"]

1. e4 c6 2. d4 d5 3. e5 c5 4. c3 e6 5. Nf3 Nc6 6. Be3 Nge7 7. Nbd2 Nf5 8. Bd3
Qb6 9. Bxf5 exf5 10. Qc2 Be7 11. O-O h6 12. Rfe1 g5 13. dxc5 Qc7 14. Nf1 f4 15.
Bd4 Be6 16. b4 O-O-O 17. b5 Nb8 18. b6 axb6 19. cxb6 Qc6 20. a4 g4 21. N3d2 Bc5
22. Bxc5 Qxc5 23. Reb1 d4 24. Ne4 d3 25. Qd2 Qxe5 26. Re1 Qf5 27. c4 Rd4 28.
Qc3 Rhd8 29. Nfd2 f3 30. g3 Qh5 31. Kh1 Nc6 32. c5 Qd5 33. a5 Nb4 34. Ra4 Nc2
35. Nd6+ Kb8 36. Rxd4 Qxd4 37. Qxd4 Nxd4 38. Re3 Nc6 39. Rxd3 Nxa5 40. Ra3 Nc6
41. Kg1 Nd4 42. Ra7 Rd7 43. Ra5 Nc6 44. Ra3 44... Ne7 {...} 0-1

[Event "C.to Provinciale PD"]
[Site "Padova ITA"]
[Date "1998.??.??"]
[Round "2"]
[White "Flora, Vincenzo"]
[Black "Porcelli, Domenico"]
[Result "1-0"]
[WhiteElo "1500"]
[BlackElo "1400"]
[PlyCount "67"]
[EventDate "1998.??.??"]

1. e4 e5 2. Nf3 Nc6 3. Bb5 Nf6 4. O-O Be7 5. Nc3 O-O 6. b3 d5 7. exd5 Nxd5 8.
Nxd5 Qxd5 9. Bxc6 bxc6 10. d4 Bg4 11. dxe5 Bxf3 12. Qxf3 Qxf3 13. gxf3 f5 14.
f4 Bc5 15. Be3 Bxe3 16. fxe3 Rad8 17. Rad1 c5 18. c4 Kf7 19. Rd5 Rxd5 20. cxd5
Rd8 21. Rd1 Ke7 22. h4 h5 23. Rd2 a5 24. Kf1 c6 25. d6+ Ke6 26. Ke2 g6 27. Kf3
Rd7 28. e4 Rg7 29. Rc2 fxe4+ 30. Kxe4 Rb7 31. Rxc5 Rb4+ 32. Rc4 Rxc4+ 33. bxc4
c5 34. a4 1-0

[Event "C.to Provinciale PD"]
[Site "Padova ITA"]
[Date "1998.??.??"]
[Round "2"]
[White "Marcuzzo, Giorgio"]
[Black "Zotti, Enrico"]
[Result "0-1"]
[WhiteElo "1531"]
[BlackElo "1719"]
[PlyCount "58"]
[EventDate "1998.??.??"]

1. e4 e5 2. Nf3 Nc6 3. Bc4 Nf6 4. Ng5 d5 5. exd5 Nxd5 6. Qf3 Qxg5 7. Bxd5 Qg6
8. d3 Nd4 9. Qd1 c6 10. Bf3 Be7 11. O-O Nxf3+ 12. Qxf3 O-O 13. Re1 Bd6 14. Nc3
f5 15. Bd2 Bd7 16. Ne2 Rae8 17. Ng3 f4 18. Nf1 Bf5 19. h4 e4 20. h5 Qe6 21.
dxe4 Bxe4 22. Qe2 Qf5 23. f3 Bd5 24. Qd3 Bc5+ 25. Kh1 Qxh5+ 26. Nh2 Qh4 27. Re2
Rxe2 28. Qxe2 Bf2 29. Be1 Bg3 0-1

[Event "C.to Provinciale PD"]
[Site "Padova ITA"]
[Date "1998.??.??"]
[Round "2"]
[White "Marigo, Narciso"]
[Black "Carraro, Antonio"]
[Result "1-0"]
[WhiteElo "1603"]
[BlackElo "1543"]
[PlyCount "108"]
[EventDate "1998.??.??"]

1. Nc3 c5 2. e4 d6 3. d3 Nf6 4. Nf3 Nc6 5. Ne2 e6 6. Ng3 Be7 7. Be2 h6 8. O-O
O-O 9. Bd2 a6 10. Qc1 Re8 11. h3 Bd7 12. c3 b5 13. Nh2 Rc8 14. f4 Bf8 15. Ng4
Nxg4 16. Bxg4 b4 17. f5 exf5 18. Bxf5 Bxf5 19. Nxf5 Ne5 20. Qc2 a5 21. Ne3 c4
22. d4 Ng6 23. Nd5 Qh4 24. Rae1 bxc3 25. Bxc3 Qd8 26. Qf2 Nh8 27. Qg3 Re6 28.
Rf4 Rg6 29. Rg4 Rxg4 30. Qxg4 Ra8 31. Rf1 Qg5 32. Qxg5 hxg5 33. Nb6 Re8 34.
Nxc4 Rxe4 35. Nxa5 Ng6 36. Re1 d5 37. Rxe4 dxe4 38. Nc4 Nf4 39. Kf2 Nd5 40. Ne3
Nb4 41. Bxb4 Bxb4 42. a3 Bd6 43. b4 Kf8 44. g4 g6 45. Nc4 Be7 46. b5 Ke8 47. a4
f5 48. Ne5 Bf6 49. b6 Kd8 50. b7 Kc7 51. b8=Q+ Kxb8 52. Nd7+ Kb7 53. Nxf6 Kb6
54. d5 54... Kc5 {...} 1-0

[Event "C.to Provinciale PD"]
[Site "Padova ITA"]
[Date "1998.??.??"]
[Round "2"]
[White "Musiani, Carlo"]
[Black "Tresin, Ardilio"]
[Result "1/2-1/2"]
[WhiteElo "1300"]
[BlackElo "1500"]
[PlyCount "34"]
[EventDate "1998.??.??"]

1. e4 c5 2. Nf3 d6 3. d4 cxd4 4. Nxd4 Nc6 5. Nc3 Nf6 6. Bb5 Bd7 7. Be3 a6 8.
Be2 e6 9. Qd2 Be7 10. O-O-O O-O 11. f4 Rc8 12. g4 e5 13. Nxc6 Bxc6 14. Bf3 b5
15. g5 Ne8 16. f5 f6 17. g6 17... hxg6 {...} 1/2-1/2

[Event "C.to Provinciale PD"]
[Site "Padova ITA"]
[Date "1998.??.??"]
[Round "2"]
[White "Palmieri, Vincenzo"]
[Black "Navarro, Tommaso"]
[Result "1-0"]
[WhiteElo "1300"]
[BlackElo "1300"]
[PlyCount "37"]
[EventDate "1998.??.??"]

1. e4 e5 2. Nf3 Nc6 3. Bc4 Bc5 4. c3 Nf6 5. d4 exd4 6. cxd4 Bb4+ 7. Nc3 Nxe4 8.
O-O Bxc3 9. d5 Bf6 10. Re1 Ne7 11. Rxe4 O-O 12. Bg5 Bxg5 13. Nxg5 d6 14. Qh5 h6
15. Rae1 Nf5 16. Re8 Rxe8 17. Qxf7+ Kh8 18. Rxe8+ Qxe8 19. Qxe8# 1-0

[Event "C.to Provinciale PD"]
[Site "Padova ITA"]
[Date "1998.??.??"]
[Round "2"]
[White "Quaranta, Cristiano"]
[Black "Spinoso, Giovanni"]
[Result "1-0"]
[WhiteElo "1500"]
[BlackElo "1400"]
[PlyCount "73"]
[EventDate "1998.??.??"]

1. e4 c5 2. d4 cxd4 3. c3 d6 4. cxd4 a6 5. Nf3 Bg4 6. Be2 Bxf3 7. Bxf3 e6 8.
O-O g6 9. Nc3 Bg7 10. Be3 Ne7 11. Rc1 O-O 12. Qb3 Qd7 13. Ne2 Qb5 14. Qxb5 axb5
15. Rc7 Re8 16. Rxb7 Rxa2 17. Rxb5 Na6 18. Nc3 Rb8 19. Rxb8+ Nxb8 20. Nxa2 Nbc6
21. d5 exd5 22. exd5 Ne5 23. Be2 Nxd5 24. Rd1 Nxe3 25. fxe3 Kf8 26. Rxd6 Ke7
27. Ra6 Nd7 28. b4 Be5 29. b5 Kd8 30. Rc6 f5 31. h3 Nf6 32. Nb4 Nd7 33. Bc4 Nf8
34. b6 h5 35. b7 Nd7 36. Rc8+ Ke7 37. Nc6+ 1-0

[Event "C.to Provinciale PD"]
[Site "Padova ITA"]
[Date "1998.??.??"]
[Round "2"]
[White "Santi, Lorenzo"]
[Black "Quaranta, Gaetano"]
[Result "1-0"]
[WhiteElo "1600"]
[BlackElo "1522"]
[PlyCount "85"]
[EventDate "1998.??.??"]

1. e4 e5 2. Nf3 Nc6 3. Bc4 Bc5 4. d3 Nf6 5. Nc3 O-O 6. Bg5 Bb4 7. O-O Bxc3 8.
bxc3 d6 9. h3 Na5 10. Bb3 Nxb3 11. axb3 h6 12. Be3 a6 13. Nh2 Re8 14. f4 exf4
15. Rxf4 Nd5 16. Rf3 Nxc3 17. Qd2 Nb5 18. Bxh6 g6 19. Raf1 Be6 20. Ng4 Bxg4 21.
hxg4 f5 22. gxf5 Nd4 23. Rg3 Qh4 24. Rxg6+ Kh8 25. Bg7+ Kg8 26. Bxd4+ Kf7 27.
Rh6 Qg3 28. Rh7+ Kg8 29. Rg7+ Qxg7 30. Bxg7 Kxg7 31. Qg5+ Kf7 32. Qg6+ Ke7 33.
f6+ Kd7 34. Qg7+ Kc6 35. f7 Rf8 36. Qc3+ Kd7 37. Qd4 Ke7 38. Qd5 c6 39. Qg5+
Kd7 40. Rf6 Ke7 41. Rg6+ Kxf7 42. Rg7+ Ke6 43. Qe7# 1-0

[Event "C.to Provinciale PD"]
[Site "Padova ITA"]
[Date "1998.??.??"]
[Round "2"]
[White "Scarpa, Luca"]
[Black "Molena, Paolo"]
[Result "0-1"]
[WhiteElo "1400"]
[BlackElo "1507"]
[PlyCount "64"]
[EventDate "1998.??.??"]

1. e4 a6 2. d4 b5 3. Bd3 Bb7 4. Nf3 Nf6 5. Nbd2 e6 6. e5 Nd5 7. Ne4 Nc6 8. c3
Be7 9. Neg5 f5 10. exf6 Nxf6 11. Nh4 O-O 12. Bxh7+ Nxh7 13. Nxh7 Kxh7 14. Qh5+
Kg8 15. Ng6 Rf5 16. Qh8+ Kf7 17. Qh7 Qg8 18. Qxg8+ Rxg8 19. Nxe7 Nxe7 20. g4
Bxh1 21. gxf5 Nxf5 22. Bf4 d6 23. b4 g5 24. Bg3 Nxg3 25. hxg3 Bd5 26. a4 Rh8
27. Ke2 Rh1 28. Rxh1 Bxh1 29. axb5 axb5 30. Ke3 Kf6 31. g4 e5 32. f3 d5 0-1

[Event "C.to Provinciale PD"]
[Site "Padova ITA"]
[Date "1998.??.??"]
[Round "2"]
[White "Sinato, Fabrizio"]
[Black "Salata, Alessio"]
[Result "1/2-1/2"]
[WhiteElo "1719"]
[BlackElo "1567"]
[PlyCount "80"]
[EventDate "1998.??.??"]

1. e4 e6 2. d4 d5 3. Nd2 c5 4. exd5 exd5 5. Ngf3 Nf6 6. c3 Bg4 7. Be2 cxd4 8.
Nxd4 Bxe2 9. Qxe2+ Be7 10. Nf5 Nc6 11. Nxg7+ Kf8 12. Nf5 Rg8 13. O-O Qd7 14.
Nxe7 Nxe7 15. Nf3 Nf5 16. Re1 Re8 17. Qf1 Ne4 18. Bf4 Re6 19. Ne5 Qe7 20. f3
Ng5 21. Bxg5 Rxg5 22. Ng4 h5 23. Rxe6 Qxe6 24. Re1 Qb6+ 25. Qf2 hxg4 26. Qxb6
axb6 27. f4 Rg6 28. Re5 Ne7 29. Kf2 Re6 30. Rxe6 fxe6 31. Kg3 Nf5+ 32. Kxg4
Ne3+ 33. Kf3 Nd1 34. g4 Nxb2 35. Ke2 Kf7 36. h4 Na4 37. Kd3 Nc5+ 38. Kd4 Kf6
39. h5 Nd7 40. g5+ Kg7 1/2-1/2

[Event "C.to Provinciale PD"]
[Site "Padova ITA"]
[Date "1998.??.??"]
[Round "2"]
[White "Tessari, Gianni"]
[Black "Pilotto, Alessandro"]
[Result "1/2-1/2"]
[WhiteElo "1400"]
[BlackElo "1500"]
[PlyCount "125"]
[EventDate "1998.??.??"]

1. d4 d5 2. Nc3 c6 3. e4 dxe4 4. Nxe4 Bf5 5. Ng3 Bg6 6. Nf3 h6 7. Bd3 Bxd3 8.
Qxd3 e6 9. O-O Be7 10. Ne5 Nd7 11. Nh5 Bf6 12. Bf4 Ne7 13. Nxd7 Qxd7 14. Nxf6+
gxf6 15. c3 Qd5 16. c4 Qf5 17. Qxf5 Nxf5 18. Rad1 Rd8 19. Be3 a6 20. Rd3 Rg8
21. Rfd1 Nxe3 22. Rxe3 Ke7 23. h3 Rd7 24. Rdd3 Rgd8 25. Rb3 b5 26. cxb5 axb5
27. Kf1 Rxd4 28. Ke2 Rd2+ 29. Kf3 Rc2 30. Rec3 Rdd2 31. Rxc2 Rxc2 32. Kg3 f5
33. Rb4 Kf6 34. a3 Kg5 35. f4+ Kg6 36. b3 Rc3+ 37. Kh2 f6 38. a4 bxa4 39. bxa4
Rc5 40. Kg3 e5 41. fxe5 fxe5 42. Rb6 Kg5 43. Rb3 e4 44. Ra3 Ra5 45. Kf2 Kf4 46.
g3+ Ke5 47. g4 f4 48. h4 Kf6 49. Rc3 c5 50. Rc4 Ke5 51. g5 hxg5 52. h5 Kd5 53.
Rc1 Rxa4 54. h6 Ra2+ 55. Kg1 Ra7 56. Rb1 Rh7 57. Rb6 e3 58. Rg6 e2 59. Rxg5+
Kd4 60. Kf2 f3 61. Rg3 Rxh6 62. Rxf3 Rh2+ 63. Ke1 {...} 1/2-1/2

[Event "C.to Provinciale PD"]
[Site "Padova ITA"]
[Date "1998.??.??"]
[Round "3"]
[White "Carraro, Antonio"]
[Black "Sinato, Fabrizio"]
[Result "0-1"]
[WhiteElo "1543"]
[BlackElo "1719"]
[PlyCount "72"]
[EventDate "1998.??.??"]

1. e4 c5 2. Nc3 Nc6 3. Nf3 d6 4. d4 cxd4 5. Nxd4 Nf6 6. f3 Qb6 7. Nb3 e6 8. Bf4
e5 9. Bg3 a6 10. Bf2 Qc7 11. Qd2 Be7 12. O-O-O O-O 13. g4 b5 14. g5 b4 15. gxf6
bxc3 16. Qxc3 Bd8 17. fxg7 Re8 18. h4 Be6 19. Bc4 a5 20. Bxe6 Rxe6 21. Kb1 a4
22. Nd2 Qb7 23. a3 Rb8 24. Nc4 Qb5 25. Rd5 Qb7 26. Rhd1 Bc7 27. Nxd6 Rxd6 28.
Rxd6 Ba5 29. Rd7 Bxc3 30. Rxb7 Rxb7 31. b3 axb3 32. cxb3 Rxb3+ 33. Kc2 Rxa3 34.
Bc5 Bb4 35. Bxb4 Nxb4+ 36. Kb2 36... Rxf3 {...} 0-1